Знаменитые люди по имени Борис - Statistics

General Stats
  • This quiz has been taken 88 times
    68 since last reset
  • The average score is 7 of 18
Answer Stats
Подсказка Ответ % Correct
1-й Президент России Борис {Ельцин}
98%
Царь Борис {Годунов}
88%
Премьер-министр Великобритании Борис {Джонсон}
73%
Автор романа «Доктор Живаго» Борис {Пастернак}
60%
Лидер рок-группы «Аквариум» Борис {Гребенщиков}
58%
Певец и исполнитель песни «Голубая луна» Борис {Моисеев}
54%
Ведущий телеигры «Что? Где? Когда?» Борис {Крюк}
40%
Автор романа «Турецкий гамбит» Борис {Акунин}
38%
Политический и государственный деятель Борис {Немцов}
35%
Участник «Что? Где? Когда?» Борис {Бурда}
35%
Соавтор романа «Трудно быть богом» Борис {Стругацкий}
33%
10-й чемпион мира по шахматам Борис {Спасский}
27%
Предприниматель и основатель компании «ЛогоВАЗ» Борис {Березовский}
23%
3-й Председатель Государственной думы Борис {Грызлов}
15%
Теннисист и победитель шести турниров Большого шлема Борис {Беккер}
15%
Актёр, снявшийся в фильмах «Восхождение» и «Собачье сердце» Борис {Плотников}
6%
Автор романа «Пена дней» Борис {Виан}
6%
Актёр, снявшийся в фильмах «Мумия» и «Франкенштейн» Борис {Карлофф}
0%
No matching quizzes found
Score Distribution
Percent of People with Each Score
Percentile by Number Answered
Your Score History
You have not taken this quiz since the last reset